[Chantecler / (Record no. 170562)

MARC details
000 -LEADER
campo de control de longitud fija 00717nam a22001935i 4500
001 - NÚMERO DE CONTROL
campo de control 170562
003 - IDENTIFICADOR DE NÚMERO DE CONTROL
campo de control ES-MaACL
005 - FECHA Y HORA DE LA ÚLTIMA TRANSACCIÓN
campo de control 20230906214410.0
008 - DATOS DE LONGITUD FIJA--INFORMACIÓN GENERAL
campo de control de longitud fija 090317s1985 fr |||| | fre d
080 ## - NÚMERO DE LA CLASIFICACIÓN DECIMAL UNIVERSAL
Número de la Clasificación Decimal Universal 821.133.1-2"18"
080 ## - NÚMERO DE LA CLASIFICACIÓN DECIMAL UNIVERSAL
Número de la Clasificación Decimal Universal 821.133.1 Rostand, Edmond 1.06
100 0# - ENTRADA PRINCIPAL--NOMBRE DE PERSONA
Nombre de persona Rostand, Edmond.
9 (RLIN) 99921
245 11 - MENCIÓN DEL TÍTULO
Título [Chantecler /
Mención de responsabilidad, etc. Edmond Rostand].
260 ## - PUBLICACIÓN, DISTRIBUCIÓN, ETC.
Lugar de publicación, distribución, etc. Paris :
Nombre del editor, distribuidor, etc. Théâtre Magazine,
Fecha de publicación, distribución, etc. 1985.
300 ## - DESCRIPCIÓN FÍSICA
Extensión 106 p. :
Otras características físicas il. ;
Dimensiones 29 cm.
500 ## - NOTA GENERAL
Nota general La obra es la parte principal del nº 1 de la revista "Théâtre Magazine", nº 1 novembre de 1985.
600 14 - PUNTO DE ACCESO ADICIONAL DE MATERIA--NOMBRE DE PERSONA
Nombre de persona Rostand, Edmond-
Subdivisión general Crítica e interpretación.
9 (RLIN) 139641
852 ## - LOCALIZACIÓN
Ubicación ES-MaACL
Número de control de estantería 2278-F-6
itemnumber R.141186
Nota libre .- Biblioteca Jacinto Martínez Lacalle
Holdings
Estatus retirado Estado de pérdida Estado de daño No para préstamo Colección Biblioteca de origen Biblioteca actual Ubicación en estantería Fecha de adquisición Fuente de adquisición Total de préstamos Signatura topográfica completa Código de barras Visto por última vez Precio de reemplazo Tipo de ítem Koha
        Colección de folletos Biblioteca del Ateneo de Madrid Biblioteca del Ateneo de Madrid Depósito folletos 17/03/2009     2278-F-6 1178994 23/02/2023 23/02/2023 Folleto